[Event "Challenge"]
[Site "http://www.queenalice.com/game.php?id=1597650"]
[Date "2020.1.28"]
[Round "-"]
[White "cavaliernoir"]
[Black "Dje_37"]
[Result "0-1"]
[WhiteElo "1496"]
[BlackElo "1960"]

1. e4 c5 2. Nc3 d6 3. Bc4 Nf6 4. d3 g6 5. Bg5 Bg7 6. Rb1 O-O 7. Nf3 Nc6 8. Nd5
b5 9. Bxb5 Qa5+ 10. Nc3 Nd4 11. Nxd4 cxd4 12. b4 Qb6 13. Bxf6 exf6 14. Bc6 Qxc6
15. Nd5 Re8 16. c4 dxc3 17. O-O c2 18. Qc1 f5 19. Rb2 Bxb2 20. Qxb2 Re5 21. Qc1
Kg7 22. f4 Rxd5 23. exd5 Qxd5 24. Qxc2 Bb7 25. Rf2 Re8 26. a3 Qd4 27. Kf1 Qa1+
0-1

[Event "Challenge"]
[Site "http://www.queenalice.com/game.php?id=1597828"]
[Date "2020.1.30"]
[Round "-"]
[White "colatina"]
[Black "Dje_37"]
[Result "0-1"]
[WhiteElo "1698"]
[BlackElo "1954"]

1. e4 c5 2. Nf3 d6 3. d4 cxd4 4. Nxd4 Nf6 5. Bb5+ Bd7 6. Qe2 Qb6 7. Nc3 Qxd4 8.
Be3 Qb4 9. Bxd7+ Nbxd7 10. Qb5 Qxb5 11. Nxb5 Rc8 12. O-O g6 13. Nxa7 Rc7 14. Nb5
Rc8 15. Bd4 Bg7 16. Rfe1 O-O 17. Nc3 Rc4 18. Bxf6 Bxf6 19. Nd5 Bg5 20. f4 Bf6
21. Nxf6+ Nxf6 22. e5 dxe5 23. Rxe5 e6 24. c3 Rxf4 25. g3 Rf3 26. a4 Rd8 27. Rb5
Rd2 28. Rxb7 Rff2 29. a5 Rg2+ 30. Kf1 Rdf2+ 31. Ke1 Ne4 32. Rd7 Rg1# 0-1

[Event "Challenge"]
[Site "http://www.queenalice.com/game.php?id=1598261"]
[Date "2020.2.3"]
[Round "-"]
[White "elisa"]
[Black "Dje_37"]
[Result "1-0"]
[WhiteElo "1942"]
[BlackElo "1964"]

1. e4 c5 2. c3 d5 3. e5 f6 4. Nf3 Nc6 5. d4 c4 6. Be2 Bf5 7. O-O Qc7 8. Bf4
O-O-O 9. b3 cxb3 10. axb3 g5 11. Bg3 h5 12. exf6 Qd7 13. f7 Nf6 14. Ne5 Qe6 15.
Nxc6 Qxc6 16. Rxa7 Ne4 17. Qd3 Nd6 18. Qe3 Qb6 19. Ra4 Nxf7 20. Rc1 Qxb3 21. Rb4
Qa2 22. c4 Kd7 23. Rxb7+ Ke8 24. c5 Rh7 25. Bb5+ Bd7 26. c6 Bc8 27. c7+ Rd7 28.
Qe6 Qa8 29. Rb8 Rh6 30. Qxd7# 1-0

[Event "Challenge"]
[Site "http://www.queenalice.com/game.php?id=1598700"]
[Date "2020.2.7"]
[Round "-"]
[White "cavaliernoir"]
[Black "Dje_37"]
[Result "0-1"]
[WhiteElo "1523"]
[BlackElo "1962"]

1. e4 c5 2. Bc4 Nc6 3. Nf3 d6 4. d3 Nf6 5. O-O Qd7 6. Nc3 Qg4 7. Bg5 h6 8. Bxf6
gxf6 9. Nb5 Rg8 10. g3 Rb8 11. Nc7+ Kd8 12. Nb5 Qg7 13. a4 Bh3 14. Re1 h5 15.
Nh4 e6 16. c3 Be7 17. Qxh5 Rh8 18. Qf3 Rxh4 19. Kh1 Ne5 20. Qe3 Ng4 21. Qf3 Nxh2
22. Kxh2 Bg4+ 23. gxh4 Bxf3 24. Re3 Qg2# 0-1

[Event "Challenge"]
[Site "http://www.queenalice.com/game.php?id=1599416"]
[Date "2020.2.13"]
[Round "-"]
[White "cavaliernoir"]
[Black "Dje_37"]
[Result "1/2-1/2"]
[WhiteElo "1582"]
[BlackElo "1947"]

1. e4 c5 2. Nc3 d6 3. Bc4 Nd7 4. d3 g6 5. b3 Bg7 6. Bb2 Ngf6 7. Nf3 O-O 8. O-O
Ne5 9. Nxe5 dxe5 10. Na4 Qc7 11. Ba3 Nd7 12. Bb2 Qc6 13. Nc3 Qf6 14. Nd5 Qg5 15.
Nc7 Rb8 16. Ba3 b6 17. Nb5 Nf6 18. Bc1 Qh5 19. Nxa7 Qxd1 20. Rxd1 Bd7 21. f3 b5
22. Be3 bxc4 23. dxc4 Rb7 24. Bxc5 Re8 25. b4 Be6 26. b5 Bxc4 27. b6 Nd7 28. Be3
Nxb6 29. Rd2 Rxa7 30. Rad1 Rd7 31. Bxb6 Rxd2 32. Rxd2 Bxa2 33. c3 Bc4 34. Rb2
Rb8 35. Rb4 Bd3 36. c4 Bh6 37. c5 Ra8 38. g4 Ra2 39. c6 Rc2 40. c7 Ba6 41. Ra4
Bb7 42. Ra7 Be3+ 43. Bxe3 Rxc7 44. Bb6 Rd7 45. Kg2 Kg7 46. Kg3 e6 47. Ra5 Rd6
48. Be3 f6 49. g5 Ba6 50. Bc5 Rc6 51. Be7 fxg5 52. Bxg5 h6 53. Bd8 Rd6 54. Be7
Rd7 55. Bb4 Rb7 56. Bc3 Rb6 57. Bxe5+ Kf7 58. Rc5 Rb5 59. Rc7+ Ke8 60. Bf6 Rb6
61. h4 Rb8 62. Rg7 Rb1 63. Kf4 Rg1 64. Re7+ Kf8 65. Rxe6 Be2 66. Re7 Rf1 67. Rg7
Bxf3 68. Ke5 Bxe4 69. Re7 Rf5+ 70. Kxe4 Rxf6 71. Ra7 Rf1 72. Ke3 Rh1 73. Ra4 g5
74. hxg5 hxg5 75. Kf2 Rh6 76. Ra7 Rg6 77. Kg2 Rg7 78. Ra6 Kf7 79. Kg3 Rg6 80.
Ra7+ Kf6 81. Kg4 Rg7 82. Rxg7 Kxg7 83. Kxg5 1/2-1/2

[Event "Challenge"]
[Site "http://www.queenalice.com/game.php?id=1601401"]
[Date "2020.3.2"]
[Round "-"]
[White "Dje_37"]
[Black "elisa"]
[Result "0-1"]
[WhiteElo "1949"]
[BlackElo "2012"]

1. c4 c6 2. Nc3 d5 3. d4 dxc4 4. e4 b5 5. Nf3 Nf6 6. h3 Nbd7 7. Qe2 e6 8. Bg5
Qa5 9. Qd2 b4 10. Nd1 Nxe4 11. Qc1 Ba6 12. b3 c3 13. Bxa6 Qxa6 14. Qc2 Nxg5 15.
Nxg5 Rd8 16. Ne3 Nf6 17. Nf3 Be7 18. Nc4 c5 19. Rd1 cxd4 20. Rd3 Bc5 21. O-O O-O
22. Nce5 Nd5 23. g3 Qc8 24. Rdd1 Qc7 25. Ng5 g6 26. Ng4 Rfe8 27. Rfe1 Kg7 28. h4
h6 29. Ne4 Bb6 30. Qc1 Rh8 31. Kg2 f5 32. Nh2 fxe4 33. Rxe4 c2 34. Rd2 Nf6 35.
Rxc2 Qb7 36. f3 Nxe4 37. fxe4 Qxe4+ 38. Nf3 Rhf8 39. Rf2 d3 40. Rd2 Qxf3+ 0-1

[Event "Rock'n'Roll "]
[Site "http://www.queenalice.com/game.php?id=1601969"]
[Date "2020.3.8"]
[Round "-"]
[White "Dje_37"]
[Black "bobifixer"]
[Result "0-1"]
[WhiteElo "1883"]
[BlackElo "1898"]

1. c4 c5 2. Nc3 Nf6 3. e4 d6 4. g3 e6 5. Bg2 Nc6 6. Nge2 Be7 7. O-O O-O 8. d3 h6
9. b3 a6 10. Bd2 Rb8 11. Qc1 Kh7 12. a3 b5 13. cxb5 axb5 14. e5 Nxe5 15. Qc2 Kh8
16. d4 Ng6 17. Rfd1 Bb7 18. Bxb7 Rxb7 19. dxc5 dxc5 20. Bxh6 Qc7 21. Bg5 Nd5 22.
Ne4 Bxg5 23. Nxg5 c4 24. Qe4 Qe5 25. Qg4 Nf6 26. Qf3 Rc7 27. h4 Qf5 28. Qg2 Nh7
29. Nxh7 Kxh7 30. Nd4 Qc5 31. b4 Qb6 32. Nf3 Re8 33. h5 Ne7 34. a4 bxa4 35. Rxa4
Qb5 36. Ng5+ Qxg5 37. Ra5 Qf6 38. Qe4+ Kg8 39. b5 Qf5 40. Qe2 Rb8 41. g4 Qc5 42.
Qb2 c3 43. Qb3 Nd5 44. Kg2 Rcb7 45. Qc2 Rxb5 46. Ra4 Rb2 0-1

[Event "Challenge"]
[Site "http://www.queenalice.com/game.php?id=1602542"]
[Date "2020.3.14"]
[Round "-"]
[White "Dje_37"]
[Black "cavaliernoir"]
[Result "1-0"]
[WhiteElo "1936"]
[BlackElo "1600"]

1. c4 e5 2. Nc3 Bc5 3. Nf3 d6 4. e3 Ne7 5. Qc2 Bf5 6. Bd3 Bxd3 7. Qxd3 Nd7 8.
O-O Ng6 9. b3 O-O 10. Ne4 a5 11. Rb1 Nf6 12. Neg5 Nd7 13. Qf5 Nb6 14. Qh3 h6 15.
Ne4 Nd7 16. d4 Bb4 17. Bb2 b6 18. Ng3 c5 19. a3 Bd2 20. Nxd2 Qf6 21. Qxd7 Rfd8
22. Qf5 Qe7 23. Rfe1 Nh4 24. Qg4 Ng6 25. f4 exf4 26. exf4 Qc7 27. Nh5 Kf8 28. d5
Rab8 29. Bxg7+ Kg8 30. f5 Ne5 31. Bxe5+ Kf8 32. Bf6 Rd7 33. Qg7# 1-0

[Event "Invitation"]
[Site "http://www.queenalice.com/game.php?id=1603007"]
[Date "2020.3.18"]
[Round "-"]
[White "rogers10"]
[Black "Dje_37"]
[Result "0-1"]
[WhiteElo "1717"]
[BlackElo "1939"]

1. e4 c5 2. Nf3 Nc6 3. d4 cxd4 4. Nxd4 d6 5. Bc4 Nf6 6. Nc3 Qc7 7. Bb3 a6 8. O-O
e5 9. Nxc6 Qxc6 10. h3 Be7 11. Be3 Bd7 12. f4 O-O 13. fxe5 dxe5 14. Bd5 Qc8 15.
Bg5 Nxd5 16. Nxd5 Bxg5 17. Kh1 Qc6 18. c3 Qh6 19. Qf3 Bb5 20. Rfd1 Rac8 21. b3
Bc6 22. c4 Bxd5 23. cxd5 Rfd8 24. Qf5 Bf4 25. Rd3 Rc2 26. a4 Rdc8 27. Rdd1 Qb6
28. d6 Qf2 29. Qg4 R8c3 30. d7 g6 31. d8=Q+ Kg7 32. Rd3 Rc1+ 33. Rxc1 Rxc1+ 34.
Rd1 Qf1+ 0-1

[Event "Challenge"]
[Site "http://www.queenalice.com/game.php?id=1604492"]
[Date "2020.3.27"]
[Round "-"]
[White "Dje_37"]
[Black "rogers10"]
[Result "0-1"]
[WhiteElo "1946"]
[BlackElo "1748"]

1. c4 e6 2. Nc3 Nf6 3. e4 d5 4. e5 Nfd7 5. d4 dxc4 6. Bxc4 Nb6 7. Nf3 Nxc4 8.
Qa4+ Bd7 9. Qxc4 Be7 10. O-O O-O 11. d5 a6 12. Qg4 exd5 13. Qg3 Bf5 14. Bh6 Bg6
15. Bg5 c6 16. Bxe7 Qxe7 17. Rfe1 Nd7 18. Qg4 Qe6 19. Qh4 Rae8 20. Ng5 Qf5 0-1

[Event "Revanche"]
[Site "http://www.queenalice.com/game.php?id=1604735"]
[Date "2020.3.28"]
[Round "-"]
[White "BasterMater"]
[Black "Dje_37"]
[Result "0-1"]
[WhiteElo "1908"]
[BlackElo "1859"]

1. e4 c5 2. Nf3 d6 3. d4 cxd4 4. Nxd4 Nf6 5. Nc3 a6 6. Bd3 g6 7. Be3 e5 8. Nde2
Bg7 9. O-O O-O 10. Ng3 Nc6 11. Nce2 Be6 12. a3 Ne7 13. f4 exf4 14. Nxf4 Ng4 15.
Bc1 Qb6+ 16. Kh1 Nf2+ 17. Rxf2 Qxf2 18. Qe2 Qc5 19. Be3 Qc7 20. h4 Bxb2 21. Rb1
Be5 22. h5 h6 23. hxg6 Nxg6 24. Nxg6 fxg6 25. Nf1 Kg7 26. Bf2 Qe7 27. Kg1 Qg5
28. Nh2 Bh3 29. Be3 Qg3 30. Nf3 Rxf3 31. Qxf3 Qh2+ 32. Kf2 Rf8 33. Bxh6+ Kxh6
34. Qxf8+ Kg5 35. Bf1 Qg3+ 36. Ke2 Bg4+ 0-1

[Event "Challenge"]
[Site "http://www.queenalice.com/game.php?id=1605021"]
[Date "2020.3.30"]
[Round "-"]
[White "elisa"]
[Black "Dje_37"]
[Result "1-0"]
[WhiteElo "1967"]
[BlackElo "1871"]

1. e4 Nc6 2. Nc3 Nf6 3. Nf3 d6 4. d4 e6 5. Bd2 a6 6. Bd3 h6 7. O-O b6 8. Qe2 g6
9. e5 Nd7 10. Bf4 d5 11. a3 Ne7 12. b4 Bg7 13. Nd1 Bb7 14. Ne3 g5 15. Bg3 b5 16.
a4 c6 17. h4 f6 18. Ng4 f5 19. Nf6+ Bxf6 20. exf6 Nxf6 21. Be5 Ng6 22. hxg5 hxg5
23. Bxf6 Qxf6 24. Qe3 Ke7 25. Nxg5 f4 26. Qxe6+ Qxe6 27. Nxe6 Kxe6 28. Bxg6 Kf6
29. Bd3 Rh6 30. Rae1 f3 31. Re3 fxg2 32. Kxg2 Rah8 33. Rf3+ Ke7 34. Re3+ Kd8 35.
axb5 cxb5 36. Kg1 Bc8 37. f4 Bh3 38. Rff3 Bg4 39. Rg3 Rh1+ 40. Kf2 Bh3 41. f5
Rh6 42. Rg6 Bxf5 43. Rg8+ Kc7 44. Bxf5 Rf6 45. Rg7+ Kd6 46. Re5 Rh2+ 47. Kg3
Rxc2 48. Bxc2 1-0

[Event "Reprise 😉"]
[Site "http://www.queenalice.com/game.php?id=1605336"]
[Date "2020.4.1"]
[Round "-"]
[White "Dje_37"]
[Black "rogers10"]
[Result "0-1"]
[WhiteElo "1946"]
[BlackElo "1828"]

1. c4 e6 2. g3 Nf6 3. Bg2 Be7 4. Nf3 O-O 5. O-O Nc6 6. d3 d5 7. cxd5 exd5 8. a3
Bg4 9. Bf4 Nh5 10. Qc1 Nxf4 11. Qxf4 Bd7 12. Nc3 Bd6 13. Qd2 Re8 14. Nxd5 Ne5
15. Nxe5 Rxe5 16. Rac1 Bc6 17. Nf4 Bxg2 18. Kxg2 Qg5 19. Rc4 Re6 20. e3 Bxf4 21.
Rxf4 Rd8 22. Qc3 Qd5+ 23. Kg1 Rc6 24. Qb4 Rb6 25. Qe7 Qd7 26. Qe5 Re8 27. Qc3
Ree6 28. Rg4 Rg6 29. Rd4 Rgd6 30. Rg4 Rg6 31. Re4 Rge6 32. Rc1 Rbc6 33. Qe1 Rxe4
34. Rxc6 Qxc6 35. dxe4 a6 36. Qd1 Qd6 37. Qg4 Qe6 38. Qd1 Qd6 39. Qg4 Qe6 40.
Qf3 Qc6 41. Qf5 Qe6 42. Qf4 Qd6 43. e5 Qd1+ 44. Kg2 Qd5+ 45. e4 Qc6 46. f3 Qe6
47. Qe3 Qc6 48. Qa7 g6 49. Qb8+ Kg7 50. Qd8 Qc2+ 51. Kh3 Qc6 52. Qd5 Qe6+ 53.
Kg2 Qb6 54. b4 Qe3 55. Qxb7 Qe2+ 56. Kh3 Qxf3 57. Qxa6 Qxe4 58. Qf6+ Kg8 59.
Qd8+ Kg7 60. Qxc7 h5 61. Qd7 Qe2 62. b5 Qf1+ 63. Kh4 Qc4+ 64. g4 Qf4 65. h3 Qf2+
66. Kg5 Qe3+ 67. Kh4 Kh6 68. Qd2 Qxd2 69. Kg3 Qd3+ 70. Kf2 Qxb5 71. Ke3 Qxe5+
72. Kd3 Qg3+ 73. Kc4 Qxa3 0-1

[Event "Challenge"]
[Site "http://www.queenalice.com/game.php?id=1606971"]
[Date "2020.4.10"]
[Round "-"]
[White "rogers10"]
[Black "Dje_37"]
[Result "1-0"]
[WhiteElo "1890"]
[BlackElo "1925"]

1. e4 d6 2. Nf3 e6 3. Bc4 h6 4. d4 a6 5. c3 Ne7 6. Be3 Nd7 7. Nbd2 g6 8. e5 d5
9. Bb3 b6 10. Qe2 Bb7 11. Bc2 Bg7 12. h3 b5 13. Nh2 Bc6 14. Ndf3 Nb6 15. O-O Kd7
16. b3 Qg8 17. Bd3 f6 18. exf6 Bxf6 19. Rae1 g5 20. Ne5+ Kd6 21. c4 Bxe5 22.
dxe5+ Kd7 23. Ng4 Kc8 24. Nf6 Qg7 25. Bxb6 cxb6 26. cxd5 Bxd5 27. Rc1+ Bc6 28.
Be4 Kb7 29. Rc2 Rac8 30. Rfc1 Rhd8 31. Qf3 Bxe4 32. Qxe4+ Nd5 33. Rxc8 Rxc8 34.
Rxc8 Kxc8 35. Nxd5 exd5 36. Qxd5 Qc7 37. Qe6+ Kb7 38. Qd5+ Ka7 39. Kf1 Kb8 40.
Qd6 Qxd6 41. exd6 Kc8 42. Ke2 Kd7 43. Ke3 Kxd6 44. Ke4 Kc5 45. f4 gxf4 46. Kxf4
Kd6 47. g4 Ke6 48. g5 hxg5+ 49. Kxg5 Kf7 50. h4 Kg7 51. Kf5 Kh6 52. Ke5 Kh5 53.
Kd6 Kxh4 54. Kc6 Kg5 55. Kxb6 b4 56. Kxa6 Kf6 57. Kb5 Ke7 58. Kxb4 Kd7 59. Kb5
Kc7 60. a4 Kb7 61. b4 Ka7 62. Kc6 Ka6 63. Kc7 Ka7 64. b5 Ka8 65. a5 Ka7 66. b6+
1-0

[Event "Challenge"]
[Site "http://www.queenalice.com/game.php?id=1608850"]
[Date "2020.4.22"]
[Round "-"]
[White "cavaliernoir"]
[Black "Dje_37"]
[Result "0-1"]
[WhiteElo "1566"]
[BlackElo "1880"]

1. e4 c5 2. c4 d6 3. d3 Nc6 4. Be3 Nf6 5. Nf3 g6 6. Nc3 a6 7. d4 cxd4 8. Bxd4 e5
9. Be3 Qa5 10. Bg5 Nxe4 11. Qd3 Bf5 12. Bd2 Nxf2 13. Qd5 Nxh1 14. Qxa5 Nxa5 15.
Nd5 Rc8 16. Bxa5 Bg7 17. b3 e4 18. Nd4 Bxd4 19. Nb6 Bxa1 20. Nxc8 Kd7 21. Nb6+
Ke6 22. Be2 Bd4 23. Nd5 Nf2 24. Nf4+ Ke5 25. g3 e3 26. Bf3 b6 27. Bb4 a5 28. Bd2
exd2+ 29. Kxd2 Ne4+ 30. Ke2 Re8 31. g4 Kxf4 32. gxf5 Ng5+ 33. Kd2 Nxf3+ 34. Kd3
Re3+ 35. Kc2 Rc3+ 36. Kb2 Ke3 37. h4 Kd2 38. Ka3 Bc5+ 39. Kb2 Rc2+ 40. Kb1 Ba3
41. c5 Rc1# 0-1

[Event "Challenge"]
[Site "http://www.queenalice.com/game.php?id=1610107"]
[Date "2020.4.30"]
[Round "-"]
[White "rogers10"]
[Black "Dje_37"]
[Result "1/2-1/2"]
[WhiteElo "1939"]
[BlackElo "1868"]

1. e4 c5 2. Nf3 d6 3. d4 cxd4 4. Nxd4 Nf6 5. Nc3 g6 6. Bc4 Bg7 7. O-O O-O 8. Bb3
Bg4 9. f3 Bd7 10. Be3 a6 11. Qd2 Nc6 12. Rad1 Nxd4 13. Bxd4 Bc6 14. e5 dxe5 15.
Bxe5 Qxd2 16. Rxd2 b5 17. Rfd1 b4 18. Nd5 Nxd5 19. Bxg7 Kxg7 20. Bxd5 Bxd5 21.
Rxd5 Rac8 22. R1d2 Rc7 23. Rd7 Rfc8 24. Rxc7 Rxc7 25. Kf2 Rc5 26. Ke1 Ra5 27. c3
Rxa2 28. cxb4 f5 29. Ke2 Kf6 30. f4 e5 31. fxe5+ Kxe5 32. Kd3 a5 33. bxa5 Rxa5
34. b4 Rd5+ 35. Kc3 Rxd2 36. Kxd2 Kd4 37. h4 Kc4 38. Ke3 Kxb4 39. Kf4 1/2-1/2

[Event "Challenge"]
[Site "http://www.queenalice.com/game.php?id=1613082"]
[Date "2020.5.20"]
[Round "-"]
[White "Dje_37"]
[Black "cavaliernoir"]
[Result "1-0"]
[WhiteElo "1894"]
[BlackElo "1503"]

1. c4 e5 2. Nc3 c6 3. Nf3 d6 4. d4 Nd7 5. e4 Be7 6. a3 Ngf6 7. b4 O-O 8. Bb2 c5
9. d5 Nb6 10. h3 Nh5 11. bxc5 Nxc4 12. Bxc4 Nf4 13. Rh2 Nh5 14. Nxe5 Nf6 15.
cxd6 Bxd6 16. Nb5 Nxe4 17. Nxd6 Nxd6 18. Qd4 f6 19. Nf3 b5 20. Bd3 Bf5 21. Bxf5
Nxf5 22. Qc5 a6 23. Bc3 Re8+ 24. Kf1 Rc8 25. Qb4 Qxd5 26. Re1 Red8 27. Qb2 Qd3+
28. Kg1 Rxc3 29. Qa2+ Kh8 30. Rh1 Rxa3 31. Qf7 Qd5 32. Qxd5 Rb8 33. Qxf5 g6 34.
Qxf6+ Kg8 35. Re7 1-0

[Event "Challenge"]
[Site "http://www.queenalice.com/game.php?id=1613114"]
[Date "2020.5.20"]
[Round "-"]
[White "rogers10"]
[Black "Dje_37"]
[Result "1-0"]
[WhiteElo "1894"]
[BlackElo "1896"]

1. e4 e5 2. Nf3 Nc6 3. d4 exd4 4. Nxd4 Bc5 5. Be3 Qf6 6. c3 Nge7 7. Bc4 Ne5 8.
Bb3 d6 9. O-O Bd7 10. Nd2 Qg6 11. Nc4 Bh3 12. g3 Nxc4 13. Bxc4 Qxe4 14. Bxf7+
Kxf7 15. Qh5+ g6 16. Qxh3 h5 17. Qg2 Qxg2+ 18. Kxg2 Rag8 19. Nb5 h4 20. Nxc7 a6
21. Rad1 Rc8 22. Nd5 Nxd5 23. Rxd5 h3+ 24. Kh1 Ke6 25. Rg5 Bxe3 26. fxe3 Rcf8
27. Rxg6+ Kd7 28. Rgf6 Rxf6 29. Rxf6 Ke7 30. Rf4 Ke6 31. Kg1 Ke5 32. Kf2 Rh7 33.
Kf3 b5 34. Rh4 Rf7+ 35. Ke2 Kf5 36. Rf4+ Kg6 37. Rxf7 Kxf7 38. Kf3 Kf6 39. Kg4
d5 40. Kxh3 Kg5 41. g4 a5 42. Kg3 Kf6 43. h4 Kg6 44. Kf4 Kf6 45. h5 1-0

[Event "Challenge"]
[Site "http://www.queenalice.com/game.php?id=1613115"]
[Date "2020.5.20"]
[Round "-"]
[White "Dje_37"]
[Black "rogers10"]
[Result "1-0"]
[WhiteElo "1877"]
[BlackElo "1911"]

1. c4 e6 2. Nc3 Nf6 3. Nf3 b6 4. d4 d5 5. b3 Bb7 6. Bd2 Be7 7. e3 c5 8. Bd3 dxc4
9. Bxc4 cxd4 10. exd4 Nc6 11. Be3 O-O 12. O-O Qc7 13. Qd2 Rfd8 14. h3 e5 15. d5
Bb4 16. a3 Bxc3 17. Qxc3 Nxd5 18. Qc2 Nxe3 19. fxe3 Rd7 20. Ng5 g6 21. Bxf7+ Kh8
22. Qf2 h6 23. Qf6# 1-0

[Event "Challenge"]
[Site "http://www.queenalice.com/game.php?id=1615043"]
[Date "2020.6.3"]
[Round "-"]
[White "Dje_37"]
[Black "BasterMater"]
[Result "1-0"]
[WhiteElo "1869"]
[BlackElo "1955"]

1. c4 e5 2. Nc3 Nf6 3. d3 Be7 4. Nf3 Nc6 5. g3 d5 6. cxd5 Nxd5 7. Qb3 Nxc3 8.
Qxc3 Bb4 9. Qxb4 Nxb4 10. Kd2 Nc6 11. b3 e4 12. Nh4 exd3 13. exd3 Be6 14. Bg2
Nb4 15. Kc3 Qxd3+ 16. Kxb4 Qd4+ 17. Ka3 Qxa1 18. Bb2 Qxh1 19. Bxh1 c6 20. Bxg7
Rg8 21. Bf6 Kd7 22. Be4 h5 23. f4 Kd6 24. Kb4 b6 25. Be5+ Kd7 26. Kc3 Rac8 27.
Nf5 a5 28. a3 b5 29. Nd6 Rcf8 30. Nb7 Ra8 31. Nc5+ Ke7 32. f5 Bd5 33. f6+ Ke8
34. Bf5 Rg5 35. Bd7+ Kd8 36. Bf4 Rg8 37. h4 Ra7 38. Bf5 Re8 39. Kd4 Re1 40. Bc2
Ra1 41. a4 bxa4 42. bxa4 Ra2 43. Bd1 Rf2 44. Bxh5 Rxf4+ 45. gxf4 Kc7 46. Bg4 Ra8
47. h5 Rg8 48. Be2 Kd6 49. Nb7+ Ke6 50. Bd1 Ra8 51. h6 Kxf6 52. Bc2 Ke6 53. Kc5
f6 54. Kb6 f5 55. Nxa5 Kf6 56. Nxc6 Be4 57. Bd1 Kg6 58. Kb7 Rh8 59. a5 Rxh6 60.
a6 Kf7 61. Bb3+ Ke8 62. Ba4 Rh7+ 63. Kb6 Rg7 64. a7 Rxa7 65. Nxa7+ Ke7 66. Kc5
Ke6 67. Nb5 Kf6 68. Kd4 Kg6 69. Nd6 Bb1 70. Ke5 Bd3 71. Bd7 1-0

[Event "Challenge"]
[Site "http://www.queenalice.com/game.php?id=1618899"]
[Date "2020.7.2"]
[Round "-"]
[White "Baby_Chess_91"]
[Black "Dje_37"]
[Result "0-1"]
[WhiteElo "1717"]
[BlackElo "1880"]

1. e4 c5 2. Nf3 d6 3. Bc4 Nc6 4. h3 Nf6 5. Nc3 a6 6. d3 h6 7. Bd2 b5 8. Bb3 e6
9. O-O Be7 10. Qe2 O-O 11. e5 dxe5 12. Nxe5 Nxe5 13. Qxe5 c4 14. Ne4 cxb3 15.
Nxf6+ Bxf6 16. Qe4 Qd5 17. Qg4 Kh7 18. Be3 bxc2 19. Rac1 Qxd3 20. Qb4 Bb7 21.
Rce1 Qd5 22. f3 Be5 23. Bc1 Bd4+ 24. Kh1 Bc5 25. Qc3 Bd4 26. Qxc2+ Kh8 27. Re4
Qf5 28. Qd3 Bxe4 29. Qxd4 Bd3 30. Re1 Rad8 31. Qc3 Qf6 32. Qb4 Qd4 33. Qa5 Qf2
34. Be3 Qxb2 35. Bc1 Qf2 36. Be3 Qg3 37. Qc3 Rc8 38. Qd2 Rc2 39. Qd1 Qxg2# 0-1

[Event "Challenge"]
[Site "http://www.queenalice.com/game.php?id=1618900"]
[Date "2020.7.2"]
[Round "-"]
[White "Dje_37"]
[Black "Baby_Chess_91"]
[Result "0-1"]
[WhiteElo "1892"]
[BlackElo "1708"]

1. c4 e5 2. d3 Nf6 3. Nf3 Nc6 4. a3 Bc5 5. e3 d5 6. b4 Bd6 7. c5 Be7 8. Bb2 d4
9. Qa4 Bd7 10. Qb3 Be6 11. Qa4 O-O 12. b5 Nb8 13. exd4 e4 14. dxe4 Nxe4 15. g3
a6 16. Bg2 Bd5 17. O-O Qd7 18. Nc3 Nxc3 19. Bxc3 Qf5 20. Rae1 Bf6 21. Re3 Nd7
22. Bb4 c6 23. b6 Bd8 24. Rfe1 Nf6 25. h3 Ne4 26. Qc2 a5 27. Bd2 Bf6 28. Rxe4
Bxe4 29. Rxe4 Rae8 30. Nh2 Bxd4 31. Be3 Be5 32. Qc4 Rd8 33. Qa4 Ra8 34. Bd4 Bxd4
35. Qxd4 Rad8 36. Qc3 Rd1+ 37. Nf1 Rfd8 38. a4 Ra8 39. Rg4 g6 40. Qb3 Rad8 41.
Rf4 Qd7 42. Bf3 Rd3 43. Qc2 Qxh3 44. Bg4 Qh6 45. Qc4 R3d5 46. Ne3 g5 47. Re4 Rd2
48. Nf5 Rd1+ 49. Bxd1 Rxd1+ 50. Qf1 Rxf1+ 51. Kxf1 Qh1+ 52. Ke2 Qxe4+ 53. Ne3
Qxa4 0-1

[Event "Blues"]
[Site "http://www.queenalice.com/game.php?id=1626743"]
[Date "2020.9.13"]
[Round "-"]
[White "Dje_37"]
[Black "bobifixer"]
[Result "0-1"]
[WhiteElo "1888"]
[BlackElo "2053"]

1. Nf3 c5 2. b3 Nf6 3. Bb2 e6 4. e3 d5 5. c4 Be7 6. d4 cxd4 7. Qxd4 Nc6 8. Qd1
O-O 9. a3 dxc4 10. Qxd8 Rxd8 11. Bxc4 h6 12. O-O a6 13. Nc3 b5 14. Be2 Bb7 15.
Rfd1 Bc5 16. b4 Be7 17. a4 Rxd1+ 18. Nxd1 bxa4 19. Rxa4 Nxb4 20. Ba3 Nbd5 21.
Ne5 Bxa3 22. Rxa3 Ne4 23. Bd3 Nc5 24. Nb2 Nxd3 25. Nbxd3 Rc8 26. h3 Rc7 27. Ra5
f6 28. Ng6 Kf7 29. Nh8+ Ke7 30. Nc5 Nb4 31. h4 h5 32. Nxb7 Rxb7 33. Rxh5 Ra7 34.
Rh7 Kd6 35. h5 Nc6 36. h6 gxh6 37. Rxh6 f5 38. f4 a5 39. Kf2 a4 40. Ke2 a3 41.
Rh1 a2 42. Ra1 Nb4 43. Kd1 Rh7 44. Nf7+ Rxf7 45. Kc1 Rg7 46. Kb2 Rxg2+ 47. Kb3
Nd5 48. Rd1 Ke7 49. Re1 Nxe3 50. Rc1 Nd5 51. Rf1 Nxf4 52. Ra1 Kf6 53. Rxa2 Rxa2
54. Kxa2 Ke5 0-1

[Event "Challenge"]
[Site "http://www.queenalice.com/game.php?id=1629378"]
[Date "2020.10.9"]
[Round "-"]
[White "cavaliernoir"]
[Black "Dje_37"]
[Result "0-1"]
[WhiteElo "1554"]
[BlackElo "1889"]

1. e4 e5 2. Nf3 Nc6 3. c3 Nf6 4. Bd3 Bc5 5. O-O d5 6. Qe2 Qe7 7. a4 Be6 8. b4
Bd6 9. b5 Na5 10. Bc2 dxe4 11. Bxe4 O-O-O 12. Bc2 Bc4 13. d3 Bb3 14. Ba3 Qe6 15.
Ng5 Qg4 16. Qxg4+ Nxg4 17. Bxb3 Nxb3 18. Ra2 Rd7 19. Nxf7 Rxf7 20. Rb2 Bxa3 21.
Nxa3 Nc5 22. Nc4 Nxd3 23. Rd2 e4 24. Ne3 h5 25. Nxg4 hxg4 26. g3 Rhf8 27. f4
gxf3 28. Rxd3 exd3 29. Kf2 Re8 30. Rd1 Re2+ 31. Kg1 f2+ 32. Kf1 Re1+ 33. Rxe1
fxe1=Q+ 34. Kxe1 a6 35. Kd1 axb5 36. axb5 Rf2 37. h4 Kd7 38. g4 Rf4 39. Kd2 Rxg4
40. Kxd3 Rxh4 41. Ke2 Kd6 0-1